书目信息 |
| 题名: |
自我所有、自由和平等
|
|
| 作者: | 柯亨, 著 ;李朝晖 译 | |
| 分册: | ||
| 出版信息: | 北京 东方出版社 2008.03 |
|
| 页数: | 374页 | |
| 开本: | 21cm | |
| 丛书名: | 马克思与当代世界 | |
| 单 册: | ||
| 中图分类: | D091 | |
| 科图分类: | ||
| 主题词: | 自由主义--zi you zhu yi--研究 | |
| 电子资源: | ||
| ISBN: | 978-7-5060-3046-5 | |
| 000 | 01080nam 2200289 450 | |
| 001 | 012008995037 | |
| 005 | 20080421091232.15 | |
| 010 | @a978-7-5060-3046-5@dCNY26.00 | |
| 100 | @a20080421d2008 em y0chiy0120 ea | |
| 101 | 1 | @achi@ceng |
| 102 | @aCN@b110000 | |
| 105 | @ay z 001yy | |
| 106 | @ar | |
| 200 | 1 | @a自我所有、自由和平等@Azi wo suo you、zi you he ping deng@d= Self-ownership, freedom, and equality@f(英) G.A.柯亨著@F(ying)G.A.ke heng zhu@g李朝晖译@Gli zhao hui yi@zeng |
| 210 | @a北京@c东方出版社@d2008.03 | |
| 215 | @a374页@d21cm | |
| 225 | 2 | @a马克思与当代世界@Ama ke si yu dang dai shi jie |
| 320 | @a有索引 | |
| 330 | @a本书主要内容包括:正义、自由和市场交易、自由和平等能相容吗?自我所有概念、自我所有论、自我所有、世界所有与平等等。 | |
| 410 | 0 | @12001 @a马克思与当代世界 |
| 500 | 10 | @aSelf-ownership, freedom, and equality@mChinese |
| 606 | 0 | @a自由主义@Azi you zhu yi@x研究 |
| 690 | @aD091@v4 | |
| 701 | 1 | @a柯亨,@Ake heng@bG.A.@4著 |
| 702 | 0 | @a李朝晖@Ali zhao hui@4译 |
| 801 | 0 | @aCN@bQSSK@c20080421 |
| 905 | @b294812-14@dD091@eK372@f3 | |
| 自我所有、自由和平等= Self-ownership, freedom, and equality/(英) G.A.柯亨著/李朝晖译.-北京:东方出版社,2008.03 |
| 374页;21cm.-(马克思与当代世界) |
| ISBN 978-7-5060-3046-5:CNY26.00 |
| 本书主要内容包括:正义、自由和市场交易、自由和平等能相容吗?自我所有概念、自我所有论、自我所有、世界所有与平等等。 |
| ● |
| 相关链接 |
|
|
|
正题名:自我所有、自由和平等
索取号:D091/K372
 
预约/预借
| 序号 | 登录号 | 条形码 | 馆藏地/架位号 | 状态 | 备注 |
| 1 | 294812 | 202948123 | 社科库509/509社科库 68排2列6层/ [索取号:D091/K372] | 在馆 | |
| 2 | 294813 | 202948132 | 社科库509/509社科库 68排2列6层/ [索取号:D091/K372] | 在馆 | |
| 3 | 294814 | 202948141 | 社科库509/509社科库 68排2列6层/ [索取号:D091/K372] | 在馆 |